000 00585nam a22001937a 4500
005 20150810125824.0
010 _aENG-113583
020 _a9788125049883
_c495.00
035 _aEN-97115
037 _bDBAD/PUB
082 _a891.4
100 _aShankar, S.
245 _aFlesh and fish blood :
_cby S. Shankar
_bpostcolonialism, translation and the vernacular /
260 _aNew Delhi
_bOrient Blackswan
_c2013
270 _a1/24, Asaf Ali Road
_bNew Delhi
_e110002
300 _axviii,185p.
_c22cm(Hb)
500 _aIncludes index
942 _2ddc
_cEN
_mSHA
_h891.4
999 _c95155
_d95155